000 00546nam a2200181Ia 4500
008 100920s9999 xx 000 0 und d
082 _b66315
_a891.463.1 थ 92
100 _aभावे पु. भा.
245 _aकथामंथन.
260 _bनवचैतन्य प्रकाशन ,मुंबई.
_c1992
300 _a214
_bसाधी
365 _b100
520 _aलघुकथा.
630 _aकथामंथन.
650 _aलघुकथा.
730 _aकथामंथन.
942 _cBOOK
999 _c708971
_d708968